000 00703nam a2200229Ia 4500
001 2072
005 20240113233527.0
007 ta
008 050219s1951 a g b000 u eng u
040 _aRef. stack
041 _aeng
082 _a613.5606
_bAs 72 T
100 _aChopra, A. N .
245 0 _aTriennial report on the working of the civil hospital and dispensaries in the province of Assam for the years 1944, 1945 and 1946 /
_cA. N. Chopra.
_hReports
250 _a1st ed /
260 _aShillong :
_bGovernment of Assam ,
_c1951.
300 _a61p. :
_bill ;
_c32cm .
653 _aReport - civil hospitals and dispensaries
942 _2ddc
_cBK
999 _c2065
_d2065